00394nam a2200145Ia 4500008004100000020001800041041000800059082001700067100001800084245007400102260001800176300000800194365001600202700003000218230718s9999 xx 000 0 und d a9788131776513 aeng a006.7'8bSRI aSrinivasan A. aCloud ComputingbA Practical Approach For Learning And Implementation c2014bPearson a412 cRs.b375.00 aSrinivasan A. & Suresh J.